Дело о службе состоявшего в ведомстве Театральной дирекции, умершего 4 сентября капельдинера Большого театра Федора Колосова

Доступно только в Электронных читальных залах Найти на картеНа карте
RUSMARC
00003779nmc2a22000003x 450
00176521cf5-e7f6-4339-a9bb-102c4018bb46
00520181224211107.0
100##$a20170626l18461885k l0rusy0189 ca
1010#$arus
102##$aRU
2001#$aДело о службе состоявшего в ведомстве Театральной дирекции, умершего 4 сентября капельдинера Большого театра Федора Колосова
$j20 декабря 1846 г. - 9 апреля 1885 г.
251##$cДело
300##$aПо Санкт-Петербургской дирекции за 1846 год
300##$aДело
801#0$aRU
$bРГИА
$c20170626
$gRCR
801#1$aRU
$bГлавНИВЦ
$c20170626
$2rusmarc
801#2$aRU
$bПБ им. Б.Н. Ельцина
$c20181224
$gRCR
$2rusmarc
850##$aРГИА
852##$aРГИА
$eФедеральное казенное учреждение "Российский государственный исторический архив" (РГИА)
$j10707
937##$hРГИА
$d12245964
$aASBIBLIO_SCAN
462#0$1001dd3991dc-24e1-42ec-8838-ca4255420416
$12001
$a1746-1850 гг.
$1251
$cОпись
$1852
$j1
461#0$10019264ebf8-de62-4f1a-9eb4-9f22098dbbd5
$12001
$aДирекция императорских театров МИДв
$1251
$cФонд
$1852
$j497
215##$a24 л.
$d36,5х26 см
371##$aДокумент не является опубликованным и широко распространяемым
105##$ay###
1222#$ad
035##$a76521cf5-e7f6-4339-a9bb-102c4018bb46
856##$uhttp://readingroom.main.prlib.ru/item.aspx?id_node=n122279867&mode=full
Формат отображения